| 000 | 00457cam a2200181 4500 | ||
|---|---|---|---|
| 001 | D12171 | ||
| 008 | 090401t1915 xxu||||| |||| 00| 0 eng d | ||
| 035 | _a(Sirsi) u1600 | ||
| 041 | _aeng | ||
| 100 | _aBoileau, J.T. | ||
| 245 | 2 | _aA new and complete set of traverse tables showing the differences of latitude ... | |
| 250 | _a17th | ||
| 260 |
_aLondon _bNisbet & Co _c1915 |
||
| 350 | _a0 | ||
| 520 | _aShelf 176 | ||
| 942 | _n0 | ||
| 948 | _c04/03/1997 | ||
| 999 |
_c85685 _d85685 |
||